000 00638nam a2200181Ia 4500
008 100921s9999 xx 000 0 und d
082 _b37044
_a891.468 न 03
100 _aकलंदर.
245 _aआणखी कानोकानी.
260 _bरोहन प्रकाशन, पुणे.
_c2003
300 _a168
_bकलाभारती वितरण,पुणे
365 _b100
520 _aललित-संकीर्ण.
630 _aआणखी कानोकानी.
650 _aललित-संकीर्ण.
730 _aआणखी कानोकानी.
942 _cBOOK
999 _c786157
_d786154